Every airport in Germany with over 100000 passengers a year - Statistics

General Stats
  • This quiz has been taken 69 times
  • The average score is 14 of 23
Answer Stats
IATA code Passengers Answer % Correct
FRA 61 499k Frankfurt
100%
MUC 41 547k Munich
100%
HAM 14 828k Hamburg
99%
DUS 20 031k Düsseldorf
97%
NUE 4 017k Nuremberg
94%
BRE 1 885k Bremen
90%
DRS 881k Dresden
88%
STR 9 141k Stuttgart
88%
HHN 1 818k Hahn
87%
HAJ 5 216k Hanover
76%
DTM 3 132k Dortmund
73%
PAD 815k Paderborn
63%
CGN 9 997k Cologne Bonn
55%
BER 25 458k Berlin Brandenburg
51%
FMM 3 245k Memmingen
34%
FMO 1 283k Münster Osnabrück
31%
LEJ 2 195k Leipzig Halle
30%
NRN 1 970k Weeze
30%
FDH 227k Friedrichschafen
28%
SCN 339k Saarbrücken
27%
ERF 167k Erfurt Weimar
16%
FKB 1 800k Karlsruhe Baden-Baden
16%
GWT 121k Sylt
15%
No matching quizzes found
Score Distribution
Percent of People with Each Score
Percentile by Number Answered
Your Score History
You have not taken this quiz